00323nam a2200133Ia 45000030006000000080041000060400015000471000015000622450045000772500010001222600028001325460012001600050017001720STCL150530s9999 xx 000 0 und d aSTCLcSTCL aWayne Wolf aModern VISI design system on chip design aThird bPearson Educationc2002 aEnglish20220125170525.0